| 000 | 00000nas 2200000za 4500 |
| 001 | 9.504940 |
| 003 | CaOODSP |
| 005 | 20221107133440 |
| 007 | cr ||||||||||| |
| 008 | 150406d19972001nkcqr p o||||f0 a0eng|d |
| 022 | |a1494-0280 |
| 040 | |aCaOODSP|beng |
| 043 | |an-cn--- |
| 086 | 1 |aFo12-34E-PDF |
| 130 | 0 |aNetwork news (Atlantic Forestry Centre : Online) |
| 210 | 0 |aNetw. news - Atl. For. Cent. |b(Online) |
| 222 | 0|aNetwork news - Atlantic Forestry Centre |b(Online) |
| 245 | 10|aNetwork news |h[electronic resource] : |bforest health & biodiversity / |cCanadian Forest Service, Atlantic Forestry Centre. |
| 260 | |aFredericton, N.B. : |bThe Centre, |c[1997?]-2001. |
| 310 | |aIrregular |
| 362 | 1 |aBegan with : Vol. 1, no. 1 (Spring 1997); ceased with: Vol. 5, no. 1 (Winter 2001). |
| 500 | |aTitle from caption. |
| 500 | |aIssued also in French under title : Info-réseau. |
| 520 | 3 |aThis newsletter, published one to two times a year, contains articles on issues that affect the health and biodiversity of Canada’s forests. Topic areas include domestic and exotic insect infestations, forestry practices, and climate change, with a focus on the Canadian Forest Service’s work in this area. |
| 530 | |aIssued also in print format. |
| 692 | 07|2gccst|aForest management |
| 692 | 07|2gccst|aAtlantic provinces |
| 710 | 2 |aAtlantic Forestry Centre. |
| 710 | 1 |aCanada. |bNatural Resources Canada. |bCanadian Forest Service. |
| 775 | 08|tInfo-réseaux |w(CaOODSP)9.501339 |
| 776 | 0#|tNetwork news : |w(CaOODSP)9.508456 |
| 785 | 00|tForest health and biodiversity news |w(CaOODSP)9.504941 |